LEADER 01439nam2 2200325 450 001 000033479 005 20121025105200.0 100 $a20121010d1976----km-y0itaa50------ba 101 0 $aita$afre$aeng 102 $aIT 200 1 $aAtti IX Convegno Internazionale della ceramica$eAlbisola, 28-31 maggio, 1976$fCentro Ligure per la Storia della ceramica 210 $aAlbisola$cCentro Ligure per la Storia della ceramica$d[1976] 215 $a490 p., tav.$cill.$d24 cm. 461 1$1001000032908$12001$aAtti. Convegno Internazionale della ceramica 606 $aCeramiche$xStoria 676 $a666.4$v(22. ed.)$9Tecnologia ceramica e tecnologie affini. Materiali, processi, attrezzature della ceramica 710 12$aConvegno Internazionale della ceramica,$d9.$f<1976$e; Albisola>$0183649 712 02$aCentro Ligure per la Storia della ceramica 801 0$aIT$bUniversità della Basilicata - B.I.A.$gREICAT$2unimarc 912 $a000033479 996 $aAtti IX Convegno Internazionale della ceramica$996880 997 $aUNIBAS BAS $aLETTERE CAT $aSTD082$b01$c20121010$lBAS01$h1459 CAT $aSTD082$b01$c20121011$lBAS01$h1152 CAT $aSTD082$b01$c20121011$lBAS01$h1153 CAT $aMDL$b30$c20121024$lBAS01$h1020 CAT $aMDL$b00$c20121025$lBAS01$h1052 FMT Z30 -1$lBAS01$LBAS01$mBOOK$1BASA4$APolo di Matera$2DID$BDidattica$3MSR/L111302$6111302$5L111302$820121010$f04$FPrestabile Didattica LEADER 01155nam0-2200361---450- 001 990000953850203316 005 20091126125639.0 010 $a88-14-06491-1 035 $a0095385 035 $aUSA010095385 035 $a(ALEPH)000095385USA01 035 $a0095385 100 $a20020211d1997----||ita|0103 ba 101 $aita 102 $aIT 105 $a|||| ||||| 200 1 $aGare di appalto e contratti$e600 nuovi casi pratici annotati e risolti con i più recenti orientamenti giurisprudenziali$fAldo Sgrò 210 $aMilano$cGiuffrè$d1997 215 $aXIV, 230 p.$d24 cm 225 $aCosa & come$iEnti locali 410 1$12001$aCosa & come$iEnti locali 700 1$aSGRO',$bAldo$039764 801 0$aIT$bsalbc$gISBD 912 $a990000953850203316 951 $aXXX.B. Coll. 13/ 154 (IRA 40 107/A)$b14281 G$cXXX.B. Coll. 13/ (IRA 40)$d00188819 959 $aBK 969 $aGIU 979 $aPATTY$b90$c20020211$lUSA01$h1008 979 $c20020403$lUSA01$h1738 979 $aPATRY$b90$c20040406$lUSA01$h1706 979 $aRSIAV1$b90$c20091126$lUSA01$h1256 996 $aGare di appalto e contratti$9626430 997 $aUNISA